000 00985cam a2200289 a 4500
999 _c5834
_d5834
001 5834
003 BD-JhCC
005 20180404185907.0
008 020228s2001 nyu d 000 0 eng d
020 _a0195146735
035 _a(BD-JhCC)5834
040 _aUOK
_cUOK
_dTXA
_dDLC
041 _aeng
050 0 0 _aPE1628
_b.O8674 2001
082 0 0 _a428/.003
_222
_bOXF 2003
245 0 4 _aThe Oxford dictionary of difficult words /
_cedited by Archie Hobson.
246 3 _aDifficult words
260 _aNew York :
_bOxford University Press,
_c2001.
300 _axii, 472 p. ;
_c22 cm.
650 0 _aEnglish language
_xUsage
_vDictionaries.
650 0 _aEnglish language
_vDictionaries.
700 1 _aHobson, Archie,
_d1946-
856 4 2 _3Publisher description
_uhttp://www.loc.gov/catdir/enhancements/fy0613/2002265510-d.html
856 4 2 _3Contributor biographical information
_uhttp://www.loc.gov/catdir/enhancements/fy0724/2002265510-b.html
942 _2ddc
_cBK